Pays ayant plus de 50 millions d'habitants - Mort subite - Statistiques

Statistiques générales
  • Ce quiz a été pris 166 fois
    129 depuis la dernière actualisation
  • Le résultat moyen est 3 sur 10
Answers on the Grid
Answers color-coded by a green-red scale on the quiz's grid according to % correct below.
France
Espagne
Italie
Irak
Afrique du sud
Colombie
Algérie
Kenya
Myanmar
Angleterre
Soudan
Burkina Faso
Corée du sud
Arabie saoudite
Pologne
Afghanistan
Malaisie
Thaïlande
Allemagne
Angola
 
Statistiques - réponses
Réponse % Correct
France
97%
Allemagne
43%
Thaïlande
38%
Corée du sud
34%
Angleterre
32%
Italie
31%
Afrique du sud
26%
Colombie
19%
Kenya
16%
Myanmar
12%
Aucun quiz correspondant
Distribution des résultats
% des personnes avec chaque résultat
Percentile par nombre de réponses
Votre historique - résultats
Vous n’avez pas pris ce quiz depuis la dernière actualisation